| Tag |
First Indicator |
Second Indicator |
Subfields |
| LEADER |
00000cam a2200000 a 4500 |
| 001 |
in00000009601 |
| 005 |
20151007051625.0 |
| 008 |
860114s1986 cau b 00110 eng |
| 010 |
|
|
|a 86001272
|
| 020 |
|
|
|a 0804713200 (alk. paper) :
|c $36.00
|
| 035 |
|
|
|a (OCoLC)13126436
|
| 035 |
|
|
|9 AAA3972AM
|
| 040 |
|
|
|a DLC
|c DLC
|d m/c
|d TXA
|d UtOrBLW
|
| 043 |
|
|
|a s-bl---
|
| 049 |
|
|
|a TXAM
|c [A12635787]
|
| 050 |
0 |
0 |
|a BX1466.2
|b .M35 1986
|
| 082 |
0 |
|
|a 282/.81
|2 19
|
| 100 |
1 |
|
|a Mainwaring, Scott,
|d 1954-
|
| 245 |
1 |
4 |
|a The Catholic Church and politics in Brazil, 1916-1985 /
|c Scott Mainwaring.
|
| 264 |
|
1 |
|a Stanford, Calif. :
|b Stanford University Press,
|c 1986.
|
| 300 |
|
|
|a xv, 328 pages ;
|c 23 cm.
|
| 336 |
|
|
|a text
|b txt
|2 rdacontent
|
| 337 |
|
|
|a unmediated
|b n
|2 rdamedia
|
| 338 |
|
|
|a volume
|b nc
|2 rdacarrier
|
| 504 |
|
|
|a Bibliography: pages [297]-319.
|
| 500 |
|
|
|a Includes index.
|
| 610 |
2 |
0 |
|a Catholic Church
|z Brazil
|x History
|y 20th century.
|
| 651 |
|
0 |
|a Brazil
|x Church history.
|
| 651 |
|
0 |
|a Brazil
|x Politics and government
|y 20th century.
|
| 650 |
|
0 |
|a Church and state
|z Brazil
|x History
|y 20th century.
|
| 999 |
|
|
|a MARS
|
| 999 |
f |
f |
|s fa935417-247e-35e4-9950-785203a27322
|i 04b77854-f3fb-3ac9-bbfa-655872b02051
|t 0
|
| 952 |
f |
f |
|p ric
|a Texas A&M University
|b Rellis Campus
|c Joint Library Facility
|d Remote Storage
|t 0
|e BX1466.2 .M35 1986
|h Library of Congress classification
|i unmediated -- volume
|m A14812635787
|
| 998 |
f |
f |
|a BX1466.2 .M35 1986
|t 0
|l Remote Storage
|